| 000 | 01032nam2a22002531 4500 | ||
|---|---|---|---|
| 001 | RU\NLR\INFOCOMM17\1000408350 | ||
| 005 | 20040421133335.0 | ||
| 035 | _a(NLR Aleph) 002537391 | ||
| 090 |
_a2903203 _c2903203 |
||
| 100 | _a20040421d1938 |||y0rusy50 ca | ||
| 101 | 0 | _arus | |
| 102 | _aRU | ||
| 105 | _ay ||||||||| | ||
| 200 | 1 |
_aК литологии девонских отложений Барзасского района _fЕ.А. Луньяк |
|
| 210 | _d1938 | ||
| 461 | 0 |
_1001RU\NLR\INFOCOMM17\1000408304 _12001#$aМатериалы по геологии Западной Сибири$fЗап.-Сиб. геол. упр.$v№4(46) _92902807 _cТомск _d1933-1965 _fЗап.-Сиб. геол. упр. _nЗап.-Сиб. геол. упр. _tМатериалы по геологии Западной Сибири _v№4(46) |
|
| 700 | 1 |
_aЛуньяк _bЕ. А. _4070 |
|
| 801 | 0 |
_aRU _bNLR _gPSBO |
|
| 801 | 1 |
_aRU _bInfoComm _c20040421 |
|
| 852 |
_aNLR _j33-19/427 |
||
| 942 | _cISSUE | ||
| 980 | _aNB | ||
| 980 | _aRUSPER | ||